International Economics Theory and Policy
Na minha lista:
| Autor principal: | |
|---|---|
| Outros Autores: | , |
| Formato: | Livro |
| Idioma: | inglês |
| Publicado em: |
Harlow
Pearson
2018
|
| Edição: | 11th Edition |
| Colecção: | <The> Pearson Series in Economics
|
| Assuntos: | |
| Tags: |
Sem tags, seja o primeiro a adicionar uma tag!
|
MARC
| LEADER | 00000nam a2200000 4500 | ||
|---|---|---|---|
| 001 | 0246832 | ||
| 005 | 20240221114112.3 | ||
| 020 | |a 978-1-292-21487-0 | ||
| 020 | |a 1-292-21487-2 | ||
| 041 | 0 | |a eng | |
| 044 | |a GB | ||
| 245 | 1 | 0 | |a International Economics |b Theory and Policy |c Paul R. Krugman, Maurice Obstfeld, Marc J. Melitz |
| 250 | |a 11th Edition | ||
| 264 | 1 | |a Harlow |b Pearson |c 2018 | |
| 300 | |a 800 s. | ||
| 490 | 1 | |a <The> Pearson Series in Economics | |
| 830 | 0 | |a <The> Pearson Series in Economics | |
| 610 | 2 | 0 | |a politika hospodárska medzinárodná |
| 610 | 2 | 0 | |a teória obchodu |
| 610 | 2 | 0 | |a obchod medzinárodný |
| 610 | 2 | 0 | |a obchod svetový |
| 610 | 2 | 0 | |a modely ekonometrické |
| 610 | 2 | 0 | |a politika obchodná |
| 610 | 2 | 0 | |a kurz devízový |
| 610 | 2 | 0 | |a hospodárstvo otvorené |
| 610 | 2 | 0 | |a makroekonomika |
| 610 | 2 | 0 | |a politika peňažná |
| 610 | 2 | 0 | |a mena |
| 610 | 2 | 0 | |a euro |
| 610 | 2 | 0 | |a krajiny rozvojové |
| 100 | 1 | |a Krugman, Paul R. | |
| 700 | 1 | |a Obstfeld, Maurice | |
| 700 | 1 | |a Melitz, Marc J. | |